| 000 | 00613cam a2200217 4500500 | ||
|---|---|---|---|
| 005 | 20260329003716.0 | ||
| 041 | _afre | ||
| 042 | _adc | ||
| 100 | 1 | 0 |
_aFerraris, Maurizio _eauthor |
| 245 | 0 | 0 | _aOntologie du cookie |
| 260 | _c2016. | ||
| 500 | _a5 | ||
| 690 | _aAliénation | ||
| 690 | _aCookie | ||
| 690 | _aInternet | ||
| 690 | _aLiberté | ||
| 690 | _aMaurizio Ferraris | ||
| 690 | _atéléphone | ||
| 786 | 0 | _nPhilosophie magazine | 102 | 9 | 2016-09-01 | p. 31-31 | 1951-1787 | |
| 856 | 4 | 1 | _uhttps://shs.cairn.info/magazine-philosophie-magazine-2016-9-page-31?lang=fr&redirect-ssocas=7080 |
| 999 |
_c1826940 _d1826940 |
||